Abnormal psychology / (Record no. 252170)
[ view plain ]
| 000 -LEADER | |
|---|---|
| fixed length control field | 00614nam a22001937a 4500 |
| 003 - CONTROL NUMBER IDENTIFIER | |
| control field | OSt |
| 005 - DATE AND TIME OF LATEST TRANSACTION | |
| control field | 20231024125244.0 |
| 008 - FIXED-LENGTH DATA ELEMENTS--GENERAL INFORMATION | |
| fixed length control field | 231024b xxu||||| |||| 00| 0 eng d |
| 010 ## - LIBRARY OF CONGRESS CONTROL NUMBER | |
| LC control number | 2005023166 |
| 020 ## - INTERNATIONAL STANDARD BOOK NUMBER | |
| International Standard Book Number | 0131875213 |
| 040 ## - CATALOGING SOURCE | |
| Original cataloging agency | DLC |
| Transcribing agency | DLC |
| Modifying agency | DLC |
| 050 ## - LIBRARY OF CONGRESS CALL NUMBER | |
| Classification number | RC454 |
| Item number | .O44 2007 |
| 100 ## - MAIN ENTRY--PERSONAL NAME | |
| Personal name | Oltmanns, Thomas F. |
| 245 ## - TITLE STATEMENT | |
| Title | Abnormal psychology / |
| Statement of responsibility, etc | Thomas F. Oltmanns, Robert E. Emery. |
| 250 ## - EDITION STATEMENT | |
| Edition statement | 5th Edn. |
| 260 ## - PUBLICATION, DISTRIBUTION, ETC. (IMPRINT) | |
| Place of publication, distribution, etc | Upper Saddle River, N.J. : |
| Name of publisher, distributor, etc | Pearson/Prentice Hall, |
| Date of publication, distribution, etc | c2007. |
| 300 ## - PHYSICAL DESCRIPTION | |
| Extent | xxvii, 690 p. : |
| Other physical details | ill. (chiefly col.) ; |
| Dimensions | 29 cm + |
| Accompanying material | 1 CD-ROM (4 3/4 in.) |
| 942 ## - ADDED ENTRY ELEMENTS (KOHA) | |
| Koha item type | Long Loan Books |
| Source of classification or shelving scheme | Library of Congress Classification |
| Withdrawn status | Lost status | Damaged status | Not for loan | Home library | Current library | Shelving location | Date acquired | Total Checkouts | Full call number | Barcode | Date last seen | Price effective from | Koha item type | Collection code |
|---|---|---|---|---|---|---|---|---|---|---|---|---|---|---|
| Rongo University Library | Rongo University Library | General Stacks | 27/01/2016 | RC454.O44 2006 | 20169107 | 27/01/2016 | 27/01/2016 | Long Loan Books | ||||||
| Rongo University Library | Rongo University Library | General Stacks | 27/01/2016 | RC454.O44 2006 | 20169108 | 27/01/2016 | 27/01/2016 | Long Loan Books | Non-fiction | |||||
| Rongo University Library | Rongo University Library | General Stacks | 27/01/2016 | RC454.O44 2006 | 20169109 | 27/01/2016 | 27/01/2016 | Long Loan Books | Non-fiction | |||||
| Rongo University Library | Rongo University Library | General Stacks | 27/01/2016 | RC454.O44 2006 | 20169110 | 27/01/2016 | Long Loan Books | Non-fiction | ||||||
| Rongo University Library | Rongo University Library | General Stacks | 27/01/2016 | RC454.O44 2006 | 20169111 | 27/01/2016 | 27/01/2016 | Long Loan Books | Non-fiction | |||||
| Rongo University Library | Rongo University Library | General Stacks | 27/01/2016 | RC454.O44 2006 | 20169112 | 27/01/2016 | 27/01/2016 | Long Loan Books | Non-fiction | |||||
| Rongo University Library | Rongo University Library | General Stacks | 27/01/2016 | RC454.O44 2006 | 20169113 | 27/01/2016 | 27/01/2016 | Long Loan Books | Non-fiction | |||||
| Rongo University Library | Rongo University Library | General Stacks | 27/01/2016 | RC454.O44 2006 | 20169114 | 27/01/2016 | 27/01/2016 | Long Loan Books | Non-fiction | |||||
| Rongo University Library | Rongo University Library | General Stacks | 27/01/2016 | RC454.O44 2006 | 20169115 | 27/01/2016 | 27/01/2016 | Long Loan Books | Non-fiction | |||||
| Rongo University Library | Rongo University Library | General Stacks | 27/01/2016 | RC454.O44 2006 | 20169116 | 27/01/2016 | Long Loan Books | Non-fiction | ||||||
| Rongo University Library | Rongo University Library | General Stacks | 27/01/2016 | RC454.O44 2006 | 20169117 | 27/01/2016 | 27/01/2016 | Long Loan Books | Non-fiction | |||||
| Rongo University Library | Rongo University Library | General Stacks | 27/01/2016 | RC454.O44 2006 | 20169118 | 27/01/2016 | 27/01/2016 | Long Loan Books | Non-fiction | |||||
| Rongo University Library | Rongo University Library | General Stacks | 27/01/2016 | RC454.O44 2006 | 20169119 | 27/01/2016 | Long Loan Books | Non-fiction | ||||||
| Rongo University Library | Rongo University Library | General Stacks | 27/01/2016 | RC454.O44 2006 | 20169120 | 27/01/2016 | 27/01/2016 | Long Loan Books | Non-fiction |
